000 00670nam a2200181 a 4500
001 BRCA_1024
005 20190320203240.0
008 840920s1983 nyua---##c---#000-0#eng-#
040 _aDLC
_cDLC
_dDLC
050 4 _aN713
_b.A68 1983
245 1 0 _aVassar College Art Gallery
_bPaintings, 1300-1900 : A Complete Illustrated List of Works in the Art Gallery´s Collection.
260 _aNueva York
_bVassar College Art Gallery
_cc1983
300 _a191 p.
_bil. (algunas a color)
_c23 cm.
500 _aIncluye apéndices
610 2 4 _aVassar College
_bGalería de Arte
_vCatálogos
_93369
650 1 4 _aPinturores europeos
_vCatálogos
_ySiglos XIV a XVIII
_93370
942 _2lcc
_cB
999 _c904
_d904